Spicy Quiz Stats

 Plays Quiz Updated Mar 27, 2015

Challenge
Share
Tweet
Embed
Score 0/36 Timer 08:00
1 Play Today
Spice % Correct
Red Pepper
91.9%
Black Pepper
90.2%
Allspice
89.7%
White Pepper
87.6%
Cinnamon
77%
Thyme
71%
Basil
69.2%
Oregano
68.7%
Cumin Seed
68.5%
Rosemary
65.3%
Paprika
63.5%
Parsley Leaves
61.3%
Coriander Seed
59.4%
Nutmeg
57.9%
Sage
53.3%
Mustard Seed
51.1%
Mustard Flour
51.1%
Ginger
46.8%
Spice % Correct
Cloves
43.8%
Dill Seed
40.2%
Bay Leaves
38.6%
Saffron
36.8%
Turmeric
35.4%
Cardamom
34.3%
Fennel Seed
32.5%
Anise
30.8%
Tarragon
25.7%
Celery Seed
24.4%
Marjoram
23.4%
Mace
20.6%
Caraway Seed
13.1%
Star Aniseed
13.1%
Fenugreek
12.3%
Horseradish
7.9%
Savory
7%
Chervil
6.5%

You're not logged in!

Compare scores with friends on all Sporcle quizzes.
OR
Log In

You Might Also Like...

Show Comments

Extras

Top Quizzes Today


Score Distribution

Your Account Isn't Verified!

In order to create a playlist on Sporcle, you need to verify the email address you used during registration. Go to your Sporcle Settings to finish the process.

Report this User

Report this user for behavior that violates our Community Guidelines.

Details: